<?xml version="1.0" encoding="UTF-8"?>
<marc:record xmlns:marc="http://www.loc.gov/MARC21/slim">
   <marc:leader>00000nam a2200000 a 4500</marc:leader>
   <marc:datafield ind1="0" ind2="0" tag="245">
      <marc:subfield code="a">Walli Wickelspinne</marc:subfield>
   </marc:datafield>
   <marc:datafield ind1=" " ind2="1" tag="264">
      <marc:subfield code="a">Bad Rodach</marc:subfield>
      <marc:subfield code="b">Haba</marc:subfield>
   </marc:datafield>
   <marc:datafield ind1="1" ind2=" " tag="520">
      <marc:subfield code="a">Walli Wickelspinne&#xD;
Wer geschickt spinnt, gewinnt!&#xD;
&#xD;
Für 2-4 Spieler&#xD;
&#xD;
Wow! Spinne Walli und ihre Freunde haben heute ganz besonders schöne und große Netze gesponnen. Doch darin landen keine Fliegen, sondern Käse, Bonbons und andere Leckereien! Helft den Spinnen, dorthin zu krabbeln, indem ihr würfelt und geschickt fädelt. Aber Vorsicht: Euer Spinnenfaden wird dabei immer kürzer... Wer seine Spinne am längsten über das Netz krabbeln lassen kann, gewinnt.&#xD;
&#xD;
Ein geschicktes Wickelspiel.&#xD;
- fordert das Fingerspitzengefühl heraus&#xD;
- hoher Aufforderungscharakter: alle spielen gleichzeitig&#xD;
- einfache Regeln für schnellen Spielspaß</marc:subfield>
   </marc:datafield>
   <marc:datafield ind1="3" ind2=" " tag="024">
      <marc:subfield code="a">4010168261058</marc:subfield>
   </marc:datafield>
   <marc:datafield ind1="1" ind2=" " tag="521">
      <marc:subfield code="a">von 3-6 Jahren</marc:subfield>
   </marc:datafield>
</marc:record>
